| 000 | 00972nam a22003137a 4500 | ||
|---|---|---|---|
| 003 | CHAP | ||
| 005 | 20220817041800.0 | ||
| 008 | 971013s1985 r 00010 d | ||
| 010 | _a24302 | ||
| 011 | _a25274 | ||
| 035 | _a29374 | ||
| 040 | _cCHAP | ||
| 082 |
_a331.02672 _bB7 |
||
| 100 | 0 | 0 |
_aBriseño Ruiz, Alberto. _915400 |
| 245 | _aDerecho individual del trabajo | ||
| 260 |
_aMéxico, D. F. : _bHarla, _c1985 |
||
| 300 | _a627 p. | ||
| 490 | _aTextos jurídicos universitarios | ||
| 590 |
_aBATCH-UPD _b10 _c20130110 _lUCH01 _h1646 |
||
| 590 |
_aBATCH-UPD _b10 _c20130410 _lUCH01 _h1036 |
||
| 590 |
_aBATCH-UPD _b10 _c20130914 _lUCH01 _h0750 |
||
| 590 |
_aCONVERSION _b10 _c20130109 _lUCH01 _h1314 |
||
| 650 | 1 | 4 |
_aDerecho laboral. _931890 |
| 650 | 1 | 4 | _aTrabajo y trabajadores. |
| 830 | 0 |
_aTextos jurídicos universitarios _9112577 |
|
| 901 | _aBK | ||
| 942 | _cLIBRO | ||
| 949 |
_a331.02672 B7 _bBC _cLIBRO _d33724000331286 _eLIBRO _gI. 126098 _h65460 _i29374 _si _t2.38 |
||
| 999 |
_c24302 _d24302 |
||